1251 1446 1192 1345 1270 1744 1146 1137 1428 1785 1381 1385 1597 1822 1749 1696 1346 1424 1506 1194 1580 1566 1843 1607 1700 1160 1602 1874 1838 1499 1546 1587 1337 1430 1781 1620 1563 1086 1890 1678 1085 1671 1384 1887 1241 1809 1581 1679 1407 1762 1734 1548 1567 1704 1328 1047 1220 1101 1263 1827 1374 1291 1032 1874 1078 1627 1015 1109 1810 1040 1194 1552 1806 1018 1643 1574 1481 1973 1835 1953 1481 1725 1755 1079 1647 1704 1207 1255 1910 1083 1119 1570 1522 1114 1388 1269 1647 1365 1829 BCNSPRNW ULIB Ver.6.0+V

เปลี่ยนเป็นภาษาไทย

Change to English
 แสดงรายละเอียดบรรณานุกรม
  กลับหน้าหลัก

Brief Record : Get Marc (ISO 2709) : E-mail record : QR code < ปิดหน้าต่าง
LEADER : 00000nam 2200000uu 4500
001    13399113556
003     ULIB
008    110627s2552||||th 000 0 tha d
020    9786160600625
090    นว.^bT111ก 2552
100 0  The Little Finger
245 00 กบฏหน้าใสล็อกหัวใจไว้เคียงรัก/^cThe Little Finger
250    พิมพ์ครั้งที่ 1
260    กรุงเทพฯ :^bแจ่มใส,^c2552
300    232 หน้า
710 1  แจ่มใส
945    ^p169^l0^i026738
995    ทศพร
999 ^a ใช้งานได้ทุกระบบ
รายการนี้ยังไม่มีแท็ก
คุณยังไม่ได้ล็อกอิน คุณสามารถมีกิจกรรมร่วมกับเว็บไซต์ได้ แต่ต้องล็อกอินก่อน ::
  ล็อกอิน

รายการสื่อสารสนเทศ

ลำดับที่ ประเภท เลขเรียก/บาร์โค้ด สถานที่ สถานะ
1. นวนิยาย
นวนิยาย
นว. T111ก 2552 ฉ.1 
  Barcode: 026738
ห้องสมุดวิทยาเขตสวรรค์ประชารักษ์
►นวนิยาย
บนชั้น
  ขอยืม

รายการใกล้เคียง
    ผู้แต่ง [The Little Finger]

BibComment


ยังไม่เคยถูกคอมเมนท์

คอมเมนท์ทรัพยากรรายการนี้
  คอมเมนท์: กบฏหน้าใสล็อกหัวใ..


 Copyright 2026. Bcnsprnw @Library